Riadenie nákladov a výnosov v zariadeniach nemocničnej starostlivosti

Služby nemocníc vo všeobecnosti hradené tromi spôsobmi. Projekt DRG (Diagnosis Related Group). Očakávania Slovenska v súvislosti so zavedením systému DRG. Proces stanovenia ceny za prípad. Základné požiadavky pre kalkuláciu nákladov na hospitalizačný prípad. Identifikácia nákladových stredísk a prir...

Descrizione completa

Salvato in:
Dettagli Bibliografici
Autore principale: Antalová, Renáta
Natura: Capitolo di libro
Lingua:slovacco
Soggetti:
Tags: Aggiungi Tag
Nessun Tag, puoi essere il primo ad aggiungerne!!

MARC

LEADER 00000naa$a2200000$$$4500
001 0249023
005 20240502074000.6
041 0 |a slo 
044 |a SK 
245 1 0 |a Riadenie nákladov a výnosov v zariadeniach nemocničnej starostlivosti  |c Renáta Antalová 
520 |a Služby nemocníc vo všeobecnosti hradené tromi spôsobmi. Projekt DRG (Diagnosis Related Group). Očakávania Slovenska v súvislosti so zavedením systému DRG. Proces stanovenia ceny za prípad. Základné požiadavky pre kalkuláciu nákladov na hospitalizačný prípad. Identifikácia nákladových stredísk a priraďovanie nákladov nákladovým strediskám. Kalkulácia nákladov na hospitalizačný prípad. 
610 2 0 |a zdravotníctvo verejné 
610 2 0 |a starostlivosť o zdravie 
610 2 0 |a nemocnice 
610 2 0 |a služby zdravotnícke 
610 2 0 |a náklady 
610 2 0 |a kalkulácia nákladov 
610 2 0 |a riadenie 
100 1 |a Antalová, Renáta